World class reading 3
שמור ב:
| מחבר ראשי: | |
|---|---|
| פורמט: | ספר |
| שפה: | Undetermined |
| יצא לאור: |
New York
McGraw-Hill
2004
|
| נושאים: | |
| תגים: |
הוספת תג
אין תגיות, היה/י הראשונ/ה לתייג את הרשומה!
|
| Thư viện lưu trữ: | Trung tâm Học liệu Trường Đại học Cần Thơ |
|---|
| LEADER | 00515nam a2200205Ia 4500 | ||
|---|---|---|---|
| 001 | CTU_94817 | ||
| 008 | 210402s9999 xx 000 0 und d | ||
| 020 | |c 124000 | ||
| 082 | |a 428.4 | ||
| 082 | |b R724/B.3 | ||
| 100 | |a Rogers, Bruce | ||
| 245 | 0 | |a World class reading 3 | |
| 245 | 0 | |c Bruce Rogers | |
| 260 | |a New York | ||
| 260 | |b McGraw-Hill | ||
| 260 | |c 2004 | ||
| 650 | |a English language | ||
| 650 | |x Study and teaching | ||
| 904 | |i Năm | ||
| 980 | |a Trung tâm Học liệu Trường Đại học Cần Thơ | ||